000 00405nam a2200157Ia 4500
005 20250404100030.0
008 231217s9999 xx 000 0 und d
020 _a9788131411988
082 _a658.723 JAY1;1 R
100 _aJaya Krishna, S ed.
245 0 _aIcfai dictionary on outsourcing
260 _c2007
_bIcfai
_aHyderabad
300 _aiii, 216
650 _aIcfai,outsourcing
942 _cAA
999 _c191487
_d191487